Meilleurs buteurs de Manchester United - Statistiques

Statistiques générales
  • Ce quiz a été pris 182 fois
  • Le résultat moyen est 4 sur 10
Statistiques - réponses
Rang Joueurs Buts % Correct
#1 Wayne Rooney 253
96%
#7 Ryan Giggs 168
62%
#2 Sir Bobby Charlton 243
52%
#4 George Best 179
45%
#10 Raul Van Nistelrooy 150
45%
#9 Paul Scholes 153
43%
#3 Denis Law 237
17%
#8 Mark Hughes 160
4%
#5 Dennis Viollet 173
3%
#6 Jack Rowley 171
2%
Aucun quiz correspondant
Distribution des résultats
% des personnes avec chaque résultat
Percentile par nombre de réponses
Votre historique - résultats
Vous n’avez pas pris ce quiz